| 000 | 00796nam a22002657a 4500 | ||
|---|---|---|---|
| 003 | CHAP | ||
| 005 | 20220329135211.0 | ||
| 008 | 971013s r 00010 d | ||
| 010 | _a32504 | ||
| 011 | _a33476 | ||
| 035 | _a37591 | ||
| 040 | _cCHAP | ||
| 090 | _aR-250 | ||
| 100 | 0 | 0 |
_aMathias, Mildred E. _973008 |
| 245 | _aUmbelliferae | ||
| 500 | _aSobretiro de: Flowering plants and ferns of Arizona. U.S.D.A., Miscellaneous Publication 423:635-659 | ||
| 590 |
_aBATCH-UPD _b10 _c20130110 _lUCH01 _h2127 |
||
| 590 |
_aBATCH-UPD _b10 _c20130410 _lUCH01 _h1437 |
||
| 590 |
_aBATCH-UPD _b10 _c20130914 _lUCH01 _h1806 |
||
| 590 |
_aCONVERSION _b10 _c20130109 _lUCH01 _h1318 |
||
| 650 | 1 | 4 |
_aUmbelíferas. _9116083 |
| 901 | _aBK | ||
| 942 | _cREIMP | ||
| 949 |
_aR-250 _bBC _cR _d-86169 _eTS1 _i37591 _si |
||
| 999 |
_c32504 _d32504 |
||